Statystyki dla 15 krajów o największej liczbie zgonów Covid19 - 10 maja 2021

Kliknij tutaj aby rozwiązać quiz!

Ogólne statystyki

  • Ten quiz został rozwiązany 22 razy
  • Średni wynik to 14 z 24

Statystyki odpowiedzi

kraj% Poprawnych
Niemcy
100%
Francja
95%
Stany Zjednoczone
95%
Polska
90%
Rosja
86%
Brazylia
76%
Hiszpania
76%
Meksyk
76%
Wielka Brytania
76%
Indie
71%
Włochy
71%
Czechy
62%
Słowacja
62%
Argentyna
52%
Belgia
52%
Iran
48%
Słowenia
38%
Chorwacja
33%
Peru
29%
Bułgaria
24%
Kolumbia
24%
Węgry
19%
Macedonia Północna
14%
Bośnia i Hercegowina
10%

Rozkład punktacji

Percentyl według liczby udzielonych odpowiedzi

Procent ludzi z każdym wynikiem

Twoja historia wyników

Nie rozwiązałeś tego quizu